Clubes brasileiros campeões e vice-campeões da Libertadores - Statistics

Estatísticas Gerais
  • Esse quiz foi jogado 497 vezes
  • A pontuação média é 12 de 13
Estatísticas das Respostas
Campeão Vice Time % Correto
2012 Corinthians
100%
1981, 2019 Flamengo
99%
1999 1961, 1968, 2000 Palmeiras
99%
1962, 1963, 2011 2003 Santos
99%
1992, 1993, 2005 1974, 1994, 2006 São Paulo
99%
2013 Atlético Mineiro
98%
1976, 1997 1977, 2009 Cruzeiro
98%
1983, 1995, 2017 1984, 2007 Grêmio
98%
2006, 2010 1980 Internacional
98%
2008 Fluminense
96%
2005 Athlético Paranaense
86%
2002 São Caetano
86%
1998 Vasco da Gama
86%
Nenhum quiz correspondente encontrado
Distribuição das Pontuações
Porcentagem de Pessoas com Cada Pontuação
Percentil de Números Respondidos
Sua Pontuação Histórica
Você não jogou esse quiz